Delhi (Record no. 163553)

MARC details
000 -LEADER
fixed length control field 00385nam a22001577a 4500
008 - FIXED-LENGTH DATA ELEMENTS--GENERAL INFORMATION
fixed length control field 190423b ||||| |||| 00| 0 eng d
020 ## - INTERNATIONAL STANDARD BOOK NUMBER
International Standard Book Number 9780140126198
035 ## - SYSTEM CONTROL NUMBER
System control number B-214290
040 ## - CATALOGING SOURCE
Original cataloging agency dpl
Language of cataloging en
082 ## - DEWEY DECIMAL CLASSIFICATION NUMBER
Classification number N
100 ## - MAIN ENTRY--PERSONAL NAME
Personal name Khushwant Singh
245 ## - TITLE STATEMENT
Title Delhi
Remainder of title a novel
Statement of responsibility, etc khushwant singh
260 ## - PUBLICATION, DISTRIBUTION, ETC. (IMPRINT)
Place of publication, distribution, etc New Delhi
Name of publisher, distributor, etc Penguin
Date of publication, distribution, etc 1990
300 ## - PHYSICAL DESCRIPTION
Extent 391p.
942 ## - ADDED ENTRY ELEMENTS (KOHA)
Source of classification or shelving scheme Dewey Decimal Classification
Item type English Books
Classification part N
Call number suffix KHU
Holdings
Withdrawn status Lost status Source of classification or shelving scheme Damaged status Not for loan Collection code Home library Current library Date acquired Source of acquisition Total Checkouts Total Renewals Full call number Barcode Date last seen Copy number Koha item type Public note
    Dewey Decimal Classification     Fiction Patel Nagar Patel Nagar 23/04/2019 BPPD/PUB 4 3 N KHU B-214290 15/04/2026 1 English Books Issued to staff (P. No. 133)

© Delhi Public Library
Hit Counter
free hit counter